| 000 | 01147nam a2200301 i 4500 | ||
|---|---|---|---|
| 001 | 185732 | ||
| 003 | SpMaBN | ||
| 005 | 20230906222515.0 | ||
| 008 | 160804s2001 sp a |||| | spa d | ||
| 020 | _a84-7927-559-6 | ||
| 080 | _a133.5:54 | ||
| 100 | 1 |
_aGebelein, Helmut ( _d1940-) _9160335 |
|
| 245 | 1 | 0 |
_aAlquimia _b: [orígenes, enigmas, doctrinas, símbolos, rituales y misterios del mundo alquímico] / _cHelmut Gebelein ; traducción de Elisenda Solergibert. |
| 260 |
_aBarcelona : _bHermética : _bRobinbook, _c[2001] |
||
| 300 |
_a379 p. : _bil. ; _c24 cm. |
||
| 490 | 1 | _aGrandes enigmas | |
| 500 | _aGlosario. | ||
| 500 | _aCronología. | ||
| 500 | _aÍndice. | ||
| 504 | _aBibliografía: p. [357]-370. | ||
| 505 | 8 |
_aContiene: ; _tExtracto de "El carro triunfal del antimonio", de Basilio Valentino ; _tDescripción de la elaboración de la cerveza |
|
| 650 | 7 |
_aAlquimia. _99742 |
|
| 740 | 3 | 2 | _aEl carro triunfal del antimonio. |
| 740 | 0 | 2 | _aDescripción de la elaboración de la cerveza. |
| 830 | 0 |
_aGrandes enigmas _9183503 |
|
| 852 |
_aES-MaACL _jL-30514 _z. - Donat. Miguel A. Velasco |
||
| 999 |
_c185732 _d185732 |
||